000 01341nam a2200349 a 4500
001 ebr10231187
003 CaPaEBR
006 m u
007 cr cn|||||||||
008 830602s1983 mnua sb 001 0 eng d
020 _z0816611181
020 _z0816611203 (pbk.)
020 _z9780816611188
020 _z9780816663361
040 _aCaPaEBR
_cCaPaEBR
035 _a(OCoLC)234798279
043 _an-us---
050 1 4 _aRK58.5
_b.R43 1983eb
082 0 4 _a338.4/36176
_219
245 0 0 _aReducing the cost of dental care
_h[electronic resource] /
_cRobert T. Kudrle and Lawrence Meskin, editors.
260 _aMinneapolis :
_bUniversity of Minnesota Press,
_cc1983.
300 _axxvii, 219 p. :
_bill.
504 _aIncludes bibliographical references and index.
533 _aElectronic reproduction.
_bPalo Alto, Calif. :
_cebrary,
_d2013.
_nAvailable via World Wide Web.
_nAccess may be limited to ebrary affiliated libraries.
650 0 _aDental economics
_zUnited States.
650 0 _aDental care
_zUnited States
_xCost control.
655 7 _aElectronic books.
_2local
700 1 _aKudrle, Robert T.
700 1 _aMeskin, Lawrence H.,
_d1935-
710 2 _aebrary, Inc.
856 4 0 _uhttp://site.ebrary.com/lib/rucke/Doc?id=10231187
_zAn electronic book accessible through the World Wide Web; click to view
999 _c153791
_d153791